|
|
|
|
| LEADER |
00000nab a2200000 ar4500 |
| 001 |
vtls008408980 |
| 003 |
SK-MaSNL |
| 005 |
20260318133034.0 |
| 008 |
051110c2005 xo |||||||| |000 b|hun |
| 015 |
|
|
|a SNBRB2005/11
|2 snkbucl
|
| 038 |
|
|
|a SNKBUCL
|
| 040 |
|
|
|a DSZK
|b slo
|c DSZK
|e AACR2
|
| 041 |
0 |
|
|a slo
|
| 044 |
|
|
|a xo
|c SK
|
| 080 |
|
|
|a 82:929:821.511.141 (437.6)
|2 UDC-MRF-SK2
|
| 080 |
|
|
|a 821.511.141 (437.6):929
|2 UDC-MRF-SK2
|
| 080 |
|
|
|a 929 Fónod, Zoltán
|2 UDC-MRF-SK2
|
| 100 |
1 |
|
|a Pomogáts, Béla,
|d 1934-
|4 aut
|9 317252
|
| 245 |
1 |
0 |
|a A "vallató idők" szorításában-
|b a magyarság és irodalom egysége Fónod Zoltán eszmei szótárában
|c Pomogáts Béla ; illusztrálta Gály Kati
|
| 300 |
|
|
|b Obr.
|
| 600 |
1 |
7 |
|a Fónod, Zoltán,
|d 1930-2021
|2 snkbucl
|9 220458
|
| 700 |
1 |
|
|a Gály, Kati,
|d 1953-
|4 ill
|9 376296
|
| 773 |
0 |
|
|t Irodalmi szemle
|g Évf. XLVIII, sz. 10 (2005), o. 51-55
|x 1336-5088
|
| 852 |
|
|
|a SNK
|b KIS3GCP
|
| 852 |
|
|
|a DSZK
|b KIS3GCP
|
| 958 |
|
|
|a HU
|
| 958 |
|
|
|a SK
|
| 958 |
|
|
|a LX
|
| 958 |
|
|
|a BX
|
| 999 |
|
|
|c 2178809
|d 2180739
|